<?xml version="1.0" encoding="UTF-8"?>
<record
    xmlns:xsi="http://www.w3.org/2001/XMLSchema-instance"
    xsi:schemaLocation="http://www.loc.gov/MARC21/slim http://www.loc.gov/standards/marcxml/schema/MARC21slim.xsd"
    xmlns="http://www.loc.gov/MARC21/slim">

  <leader>00385    a2200133   4500</leader>
  <controlfield tag="005">20250425122923.0</controlfield>
  <datafield tag="020" ind1=" " ind2=" ">
    <subfield code="a">9780099572497</subfield>
  </datafield>
  <datafield tag="082" ind1=" " ind2=" ">
    <subfield code="a">F   VIN</subfield>
  </datafield>
  <datafield tag="100" ind1=" " ind2=" ">
    <subfield code="a">VINCE, G. </subfield>
  </datafield>
  <datafield tag="245" ind1=" " ind2=" ">
    <subfield code="a">Adventures in the Anthropocene: A Journey to the Heart of the Planet we Made </subfield>
  </datafield>
  <datafield tag="260" ind1=" " ind2=" ">
    <subfield code="a">London, </subfield>
    <subfield code="b">Vintage, </subfield>
    <subfield code="c">2014. </subfield>
  </datafield>
  <datafield tag="300" ind1=" " ind2=" ">
    <subfield code="a">ix, 436p., picture, map, </subfield>
    <subfield code="b">Index, </subfield>
    <subfield code="c">20cm. </subfield>
  </datafield>
  <datafield tag="942" ind1=" " ind2=" ">
    <subfield code="2">ddc</subfield>
    <subfield code="c">BKS</subfield>
  </datafield>
  <datafield tag="999" ind1=" " ind2=" ">
    <subfield code="c">1658</subfield>
    <subfield code="d">1658</subfield>
  </datafield>
  <datafield tag="952" ind1=" " ind2=" ">
    <subfield code="r">2025-04-25 12:31:04</subfield>
    <subfield code="l">0</subfield>
    <subfield code="o">F   VIN</subfield>
    <subfield code="p">0000006111</subfield>
    <subfield code="v">98910.00</subfield>
    <subfield code="w">2025-04-25</subfield>
    <subfield code="y">BKS</subfield>
    <subfield code="1">0</subfield>
    <subfield code="2">ddc</subfield>
    <subfield code="4">0</subfield>
    <subfield code="7">0</subfield>
    <subfield code="0">0</subfield>
    <subfield code="a">CBEML</subfield>
    <subfield code="b">CBEML</subfield>
    <subfield code="c">GEN</subfield>
    <subfield code="d">2025-04-25</subfield>
    <subfield code="g">32970.00</subfield>
  </datafield>
</record>
